| 000 | 00512nam a2200133Ia 4500 | ||
|---|---|---|---|
| 008 | 231129s9999||||xx |||||||||||||| ||spa|| | ||
| 020 | _a84-01-33168-4 | ||
| 040 | _bspa | ||
| 082 | _a581.13342 A832fo | ||
| 100 | _aAsimov Isaac | ||
| 245 | 0 | _aFotosintesis: ¿A qué se debe el que siempre vuelva a llenarse el depósito de oxígeno de la atmósfera? ¿Cómo se transforma la luz solar en energía utilizable? | |
| 264 | _aPlaza & Janes Editores | ||
| 942 |
_2ddc _cBKS |
||
| 999 |
_c14127 _d14127 |
||